ロード中...
Geochemical Exploration of Mineral Deposits
| 第一著者: | |
|---|---|
| フォーマット: | Printed Book |
| 出版事項: |
New Castle, NYX Academics LLc
2012
|
| 主題: |
| LEADER | 004970000a22001450004500 | ||
|---|---|---|---|
| 020 | |a 9781621581444 | ||
| 082 | |a 551.9 JON | ||
| 100 | |a Jones, Saul |f Editor |9 154877 | ||
| 245 | |a Geochemical Exploration of Mineral Deposits | ||
| 260 | |a New Castle, NYX Academics LLc | ||
| 260 | |c 2012 | ||
| 650 | |a Geochemistry ; Crude Oil Reservoirs |9 154878 | ||
| 942 | |c BK | ||
| 999 | |c 182302 |d 182298 | ||
| 952 | |0 0 |1 0 |4 0 |6 551_900000000000000_JON |7 0 |9 181004 |a SES |b SES |d 2019-05-17 |l 0 |o 551.9 JON |p SES05492 |r 2019-05-17 |w 2019-05-17 |y BK | ||